Russia dates - Statistics

General Stats
  • This quiz has been taken 0 times
  • The average score is 0 of 49
Answer Stats
Hint Answer % Correct
14 1.4 mill on strike
0%
feb-oct 17 2.5 mill on strike
0%
end of 05 2.7 mill on strike
0%
07 2nd duma dissolved
0%
feb 05 400k strike
0%
by 15 50% peas owned land
0%
apr 17 april theses
0%
aug 05 aug mani
0%
jan 05 bloody sun
0%
6 jul 17 bols hq stormed
0%
03 bols mens split
0%
18-21 foreign intervention
0%
06 fundamental laws
0%
17 inflation 200%
0%
23 feb 17 int womens day
0%
jul 17 july days
0%
jun 17 june offensive
0%
20 jul 17 kerensky forms 2nd prov
0%
1896 khodynka tragedy
0%
aug 17 kornilov affair
0%
21 kronstadt rising
0%
03 league of lib
0%
12 lena goldfields
0%
24 Lenin dies
0%
apr 17 milyukov crisis
0%
21 NEP
0%
1894 nick 11 tsar
0%
mar 17 nick abdicates
0%
oct 05 oct mani
0%
oct 17 oct revolution
0%
1900 okhrana 55k records
0%
27 feb order humber 1
0%
feb 17 petrograd soviet formed
0%
15 progressive bloc
0%
16 rasputin ass
0%
jan 18 red guards close const
0%
18-21 russian civil war
0%
04-05 russo japanese
0%
98 SDS
0%
1902 SRs
0%
06 SRs ass 1126 gov
0%
06-11 stolypins reforms
0%
21 tambov rising
0%
mar 18 treaty of Brest litovsk
0%
05 treaty of portsmouth
0%
nov 05 union of russian peop
0%
22 USSR formed
0%
18-21 war communism
0%
15 zemgor
0%
No matching quizzes found
Score Distribution
Percent of People with Each Score
Percentile by Number Answered
Your Score History
You have not taken this quiz